| 000 | 00570cam a2200229ua 4500 | ||
|---|---|---|---|
| 020 | _cRs.3.00 | ||
| 041 |
_aeng _h |
||
| 082 |
_a516.02 _bPIL/PU |
||
| 100 | _aPillai, Manicavachagam T.K . | ||
| 245 |
_aPure geometry / _cT.K Manicavachagam Pillai. _hTextual Documents |
||
| 250 |
_a2 / _b. |
||
| 260 |
_aChennai : _bThe National Publishing Co , _c1963. |
||
| 300 | _a ; . | ||
| 365 | _aRs.3.00 | ||
| 504 | _a | ||
| 942 | _cBK | ||
| 999 |
_c1485 _d1485 |
||